000 01512nam a2200229Ia 4500
003 Ost
005 20260416102400.0
008 260416s9999||||xx |||||||||||||| ||und||
040 _cfsecg
041 _aara
082 _a350.1
100 _aمهمل، عادل امين
_eمؤلف
245 0 _a إدارة الموارد البشرية :
_bمحاضرات موجهة لطلبة السنة الثالثة ليسانس: تخصص إدارة الأعمال /
_cعادل امين مهمل
260 _aالجزائر
_bجامعة الجزائر3: كلية العلوم الإقتصادية، العلوم التجارية وعلوم التسيير
_c2023
300 _a141 ورقة
_bايضاحات
_c12 سم
504 _aالمراجع ص.128
520 _aتخطيط الموارد البشرية،إدارة المكافآت في تسيير الموارد البشرية (الحوافز والأجور )،علاقات العمل في تسيير الموارد البشرية،تسيير الصحة والأمن في العمل،تقييم تسيير الموارد البشرية ،تسيير الصراعات ، الجانب القضائي في تسيير الموارد البشرية (منازعات العمل الفردية والجماعية) .
653 _aادارة الافراد
653 _aالموظفين
710 _aجامعة الجزائر3: كلية العلوم الإقتصادية، العلوم التجارية وعلوم التسيير
_eناشر علمي
942 _cHANDOUT
999 _c41387
_d41387